书目信息 |
| 题名: |
国际关系研究实用方法
|
|
| 作者: | 阎学通 , 孙学峰 著 | |
| 分册: | ||
| 出版信息: | 北京 人民出版社 2001 |
|
| 页数: | 389页 | |
| 开本: | 20cm | |
| 丛书名: | ||
| 单 册: | ||
| 中图分类: | D80 | |
| 科图分类: | ||
| 主题词: | 国际关系--研究方法 | |
| 电子资源: | ||
| ISBN: | 7-01-003404-4 | |
| 000 | 00598nam0 2200205 45 | |
| 001 | 0406010880 | |
| 005 | 20040601090200.2 | |
| 010 | @a7-01-003404-4@dCNY22.00 | |
| 100 | @a20040601d2001 km y0chiy0120 ea | |
| 101 | 0 | @achi |
| 105 | @a z 000yy | |
| 200 | 1 | @a国际关系研究实用方法@AGuo Ji Guan Xi Yan Jiu Shi Yong Fang Fa@f阎学通,孙学峰著@FYan Xue Tong,Sun Xue Feng Zhu |
| 210 | @a北京@c人民出版社@d2001 | |
| 215 | @a389页@d20cm | |
| 606 | 0 | @a国际关系@x研究方法 |
| 690 | @aD80@v4 | |
| 701 | 0 | @a阎学通@4著 |
| 701 | 0 | @a孙学峰@4著 |
| 801 | @aCN@bTSTC@c20040601 | |
| 905 | @b334047@dD80@e14@f1 | |
| 国际关系研究实用方法/阎学通,孙学峰著.-北京:人民出版社,2001 |
| 389页;20cm |
| ISBN 7-01-003404-4:CNY22.00 |
| ● |
| 相关链接 |
|
|
|
|
正题名:国际关系研究实用方法
索取号:D80/14
 
预约/预借
| 序号 | 登录号 | 条形码 | 馆藏地/架位号 | 状态 | 备注 |
| 1 | 0334047 | 203340474 | 第一借阅区/ [索取号:D80/14] | 在馆 |